[Event "Madrid-ch Veteranos 2016/2017"]
[Site "Madrid ESP"]
[Date "2017.01.10"]
[Round "2.17"]
[White "Cortijo Manso, Luis"]
[Black "Martin Rodriguez, Emilio"]
[Result "0-1"]
[WhiteElo "1489"]
[BlackElo "2056"]
[PlyCount "56"]
[EventDate "2017.01.09"]
[EventType "swiss"]
[EventRounds "9"]
[EventCountry "ESP"]
[SourceTitle "Ajedrez en Madrid"]
[Source "lmi"]
[SourceDate "2017.01.09"]

1. c4 c6 2. Nf3 d5 3. cxd5 cxd5 4. d4 Nf6 5. g3 g6 6. Bg2 Bg7 7. O-O O-O 8. Nc3
Ne4 9. Ng5 Nxc3 10. bxc3 Nc6 11. Ba3 Re8 12. e3 Na5 13. Qf3 Bf6 14. Nh3 Nc4 15.
Bc1 e6 16. Nf4 Bg7 17. Nd3 Bd7 18. Nb2 Nd6 19. Re1 Bc6 20. Nd3 Ne4 21. Nb4 Bb5
22. a4 Bc4 23. Bb2 a5 24. Nc2 Qb6 25. Na3 Nd2 26. Qd1 Qxb2 27. Nxc4 Nxc4 28.
Rb1 Qxc3 0-1

[Event "Madrid-ch Veteranos 2016/2017"]
[Site "Madrid ESP"]
[Date "2017.01.10"]
[Round "2.18"]
[White "Marcos Herrero, Francisco"]
[Black "Calderon Martin, Antonio"]
[Result "1-0"]
[WhiteElo "1918"]
[BlackElo "1699"]
[PlyCount "69"]
[EventDate "2017.01.09"]
[EventType "swiss"]
[EventRounds "9"]
[EventCountry "ESP"]
[SourceTitle "Ajedrez en Madrid"]
[Source "lmi"]
[SourceDate "2017.01.09"]

1. d4 Nf6 2. Nf3 d5 3. c4 e6 4. g3 Be7 5. Bg2 O-O 6. O-O c5 7. cxd5 exd5 8. Nc3
Nc6 9. Bg5 cxd4 10. Nxd4 Be6 11. Qa4 Qd7 12. Rfd1 Rfd8 13. Nxc6 bxc6 14. Rac1
Rab8 15. b3 Rb4 16. Qa5 Qb7 17. Be3 d4 18. Bf4 Qb6 19. Qxb6 Rxb6 20. Na4 Rbb8
21. Bxb8 Rxb8 22. Rxd4 c5 23. Nxc5 Rc8 24. Nd3 Rb8 25. Rc7 Kf8 26. Rxa7 Ng4 27.
Rda4 g6 28. Ra8 Rxa8 29. Rxa8+ Kg7 30. b4 Nf6 31. b5 Nd5 32. Nf4 Nb6 33. Ra7
Kf6 34. Nxe6 Kxe6 35. a4 1-0

[Event "Madrid-ch Veteranos 2016/2017"]
[Site "Madrid ESP"]
[Date "2017.01.10"]
[Round "2.19"]
[White "De Juan Rivas, Antonio"]
[Black "Rueda Maria, Ramiro"]
[Result "0-1"]
[WhiteElo "1682"]
[BlackElo "1860"]
[PlyCount "74"]
[EventDate "2017.01.09"]
[EventType "swiss"]
[EventRounds "9"]
[EventCountry "ESP"]
[SourceTitle "Ajedrez en Madrid"]
[Source "lmi"]
[SourceDate "2017.01.09"]

1. f4 d5 2. Nf3 Nc6 3. e3 Nf6 4. Bb5 Bd7 5. O-O g6 6. d3 Bg7 7. Nc3 O-O 8. Bxc6
Bxc6 9. Ne5 Qd6 10. Nxc6 Qxc6 11. Rf3 e6 12. Ne2 Qb6 13. Kh1 c5 14. Qe1 Rac8
15. Rh3 c4 16. Nc3 d4 17. exd4 cxd3 18. Rxd3 Rfd8 19. Be3 Qxb2 20. Rb1 Qxc2 21.
Rbd1 Qb2 22. Rb1 Qa3 23. Rb3 Qe7 24. h3 Nd5 25. Nxd5 Rxd5 26. Qb1 b6 27. Qe1
Qd6 28. Rbc3 Rd8 29. Rc4 b5 30. Rb4 a5 31. Rbb3 Qb6 32. Qf2 b4 33. a3 Bxd4 34.
Bxd4 Rxd4 35. axb4 axb4 36. Kh2 Qd6 37. Qe3 Rxd3 0-1

[Event "Madrid-ch Veteranos 2016/2017"]
[Site "Madrid ESP"]
[Date "2017.01.10"]
[Round "2.20"]
[White "Salgado Duarte, Pablo"]
[Black "Quintero Torres, Pedro"]
[Result "1/2-1/2"]
[WhiteElo "1574"]
[BlackElo "1942"]
[PlyCount "166"]
[EventDate "2017.01.09"]
[EventType "swiss"]
[EventRounds "9"]
[EventCountry "ESP"]
[SourceTitle "Ajedrez en Madrid"]
[Source "lmi"]
[SourceDate "2017.01.09"]

1. d4 Nf6 2. c4 e6 3. Nc3 Bb4 4. Bd2 c5 5. e3 d5 6. Nf3 Nc6 7. dxc5 Bxc5 8.
cxd5 exd5 9. Be2 O-O 10. O-O Bg4 11. Re1 Ne4 12. a3 Be7 13. h3 Bh5 14. Qc2 Bg6
15. Bd3 Rc8 16. Red1 Bf6 17. Be1 Nxc3 18. Bxc3 Bxc3 19. Bxg6 hxg6 20. bxc3 Qa5
21. Qb3 Rfd8 22. Qxb7 Rc7 23. Qb3 Qc5 24. Rac1 Rcd7 25. Nd4 Ne5 26. Qb4 Qc7 27.
Ne2 Nc4 28. Rb1 a5 29. Qb3 Qc5 30. Ra1 Rd6 31. a4 Nxe3 32. fxe3 Qxe3+ 33. Kh1
Qxe2 34. Re1 Qh5 35. Qb5 d4 36. Re5 Qh4 37. cxd4 Qxd4 38. Rae1 Qb4 39. Qxa5
Qxa5 40. Rxa5 Rd2 41. Rae5 R8d4 42. a5 Ra2 43. Re8+ Kh7 44. Ra8 Rdd2 45. Rg1 f5
46. a6 f4 47. Rf8 Rxa6 48. Rxf4 Raa2 49. Rh4+ Kg8 50. Rg4 Ra6 51. Rc4 Rf2 52.
Rc8+ Kh7 53. Rc4 g5 54. Rg4 Kh6 55. Rc1 Rf4 56. Rg3 Rg6 57. Rc8 g4 58. h4 Rgf6
59. Rc5 g6 60. Rg5 Rf1+ 61. Kh2 R6f4 62. R5xg4 Rxg4 63. Rxg4 Kh5 64. Ra4 Rb1
65. Kh3 Rh1+ 66. Kg3 Rb1 67. Ra5+ Kh6 68. Kh3 Rh1+ 69. Kg4 Rb1 70. g3 Rb4+ 71.
Kh3 Rb3 72. Ra8 Rc3 73. Rh8+ Kg7 74. Rd8 Kh6 75. Rd5 Ra3 76. Rd4 Kh5 77. Rg4
Ra1 78. Rg5+ Kh6 79. Rc5 Ra3 80. Rc4 Rb3 81. Kg4 Rb1 82. Rc8 Rb4+ 83. Kh3 Rb3
1/2-1/2

[Event "Madrid-ch Veteranos 2016/2017"]
[Site "Madrid ESP"]
[Date "2017.01.10"]
[Round "2.21"]
[White "Garcia Martin, Esteban"]
[Black "Cupeiro Fernandez, Manuel"]
[Result "1-0"]
[WhiteElo "1855"]
[BlackElo "1525"]
[PlyCount "77"]
[EventDate "2017.01.09"]
[EventType "swiss"]
[EventRounds "9"]
[EventCountry "ESP"]
[SourceTitle "Ajedrez en Madrid"]
[Source "lmi"]
[SourceDate "2017.01.09"]

1. c4 e5 2. Nc3 Nf6 3. g3 Be7 4. Bg2 c6 5. e4 d6 6. Nge2 Be6 7. d3 Nbd7 8. O-O
O-O 9. h3 h6 10. Be3 Nh7 11. f4 exf4 12. Nxf4 Bg5 13. Qd2 Qe7 14. b3 b6 15. d4
Bxf4 16. gxf4 f5 17. d5 cxd5 18. cxd5 Bf7 19. exf5 Rac8 20. Rfe1 Qd8 21. Nb5
Nc5 22. Nxa7 Rc7 23. Nc6 Qd7 24. Nd4 Nf6 25. Ne6 Bxe6 26. fxe6 Qe7 27. Bf3 Rb7
28. Bd4 Re8 29. b4 Na6 30. a3 Nc7 31. Qg2 Nb5 32. Bb2 Qf8 33. Qg6 Rbe7 34. Rac1
Nc7 35. Red1 Nxe6 36. dxe6 Rxe6 37. Qg2 Qe7 38. Bd4 Qa7 39. f5 1-0

[Event "Madrid-ch Veteranos 2016/2017"]
[Site "Madrid ESP"]
[Date "2017.01.10"]
[Round "2.23"]
[White "Beekhof Harmsen, Willen"]
[Black "Hernandez Garcia, Carlos"]
[Result "1-0"]
[WhiteElo "1555"]
[BlackElo "1735"]
[PlyCount "93"]
[EventDate "2017.01.09"]
[EventType "swiss"]
[EventRounds "9"]
[EventCountry "ESP"]
[SourceTitle "Ajedrez en Madrid"]
[Source "lmi"]
[SourceDate "2017.01.09"]

1. Nf3 Nf6 2. g3 d5 3. d4 e6 4. c4 dxc4 5. Qa4+ c6 6. Qxc4 b5 7. Qc2 Bb4+ 8.
Bd2 Bxd2+ 9. Nbxd2 O-O 10. Bg2 Bb7 11. O-O Nbd7 12. Nb3 Rc8 13. Rfd1 Qe7 14. a3
c5 15. Na5 cxd4 16. Qd3 Bxf3 17. Bxf3 e5 18. Nc6 Qe6 19. Nxa7 e4 20. Bxe4 Nxe4
21. Nxc8 Rxc8 22. Qxd4 Nef6 23. e3 Rc4 24. Qd2 h5 25. b3 Rc7 26. b4 h4 27. Qd6
Qc4 28. Qf4 h3 29. Qxc4 Rxc4 30. Rac1 Ne5 31. Rxc4 Nxc4 32. Rd3 Ne4 33. f3 Ned2
34. Rd5 Nxf3+ 35. Kf2 Nxh2 36. Rh5 Ng4+ 37. Kf3 Nce5+ 38. Kf4 h2 39. Rh3 g6 40.
Rxh2 Nxh2 41. Kxe5 Nf1 42. Kd4 Nd2 43. Kc5 Nc4 44. a4 Kf8 45. a5 Ke7 46. a6 Kd7
47. a7 1-0

[Event "Madrid-ch Veteranos 2016/2017"]
[Site "Madrid ESP"]
[Date "2017.01.10"]
[Round "2.24"]
[White "Camarero Izquierdo, Juan Carlos"]
[Black "Sierra Garcia, Ricardo"]
[Result "1-0"]
[WhiteElo "1732"]
[BlackElo "1454"]
[PlyCount "35"]
[EventDate "2017.01.09"]
[EventType "swiss"]
[EventRounds "9"]
[EventCountry "ESP"]
[SourceTitle "Ajedrez en Madrid"]
[Source "lmi"]
[SourceDate "2017.01.09"]

1. d4 Nf6 2. Nc3 g6 3. e4 d6 4. Be3 Bg7 5. Qd2 O-O 6. Bh6 a6 7. Bxg7 Kxg7 8. h4
e5 9. h5 Nxh5 10. Be2 Nf4 11. O-O-O Nxe2+ 12. Ngxe2 h5 13. dxe5 Nc6 14. exd6
cxd6 15. Kb1 f5 16. Nf4 Qg5 17. Ne6+ Bxe6 18. Qxg5 1-0

[Event "Madrid-ch Veteranos 2016/2017"]
[Site "Madrid ESP"]
[Date "2017.01.10"]
[Round "2.25"]
[White "Suarez Mencia, Roberto"]
[Black "Martinez Martinez, Javier Ii"]
[Result "0-1"]
[WhiteElo "1433"]
[BlackElo "1711"]
[PlyCount "70"]
[EventDate "2017.01.09"]
[EventType "swiss"]
[EventRounds "9"]
[EventCountry "ESP"]
[SourceTitle "Ajedrez en Madrid"]
[Source "lmi"]
[SourceDate "2017.01.09"]

1. c4 c6 2. g3 Nf6 3. Bg2 e6 4. e3 d5 5. cxd5 exd5 6. Ne2 Bd6 7. Nbc3 O-O 8. d4
Nbd7 9. O-O Re8 10. f3 Nf8 11. a3 a5 12. e4 dxe4 13. fxe4 Be7 14. e5 Nd5 15.
Nxd5 cxd5 16. Nf4 Be6 17. Qb3 Ng6 18. Nxd5 Kh8 19. Qxb7 Rb8 20. Qc6 Rc8 21. Qb5
Rb8 22. Qc4 Rc8 23. Qb3 Rb8 24. Qf3 Bf8 25. Rb1 Bxa3 26. Qxa3 Bxd5 27. Bxd5
Qxd5 28. Be3 Rb3 29. Qa4 Reb8 30. Bf2 h5 31. Be1 Qe4 32. Bd2 Nxe5 33. Bf4 Nf3+
34. Rxf3 Rxf3 35. Bxb8 Qxb1+ 0-1

[Event "Madrid-ch Veteranos 2016/2017"]
[Site "Madrid ESP"]
[Date "2017.01.10"]
[Round "2.26"]
[White "Martinez De La Puente, Ignacio"]
[Black "Pastor Diaz, David"]
[Result "1-0"]
[WhiteElo "1706"]
[BlackElo "1368"]
[PlyCount "77"]
[EventDate "2017.01.09"]
[EventType "swiss"]
[EventRounds "9"]
[EventCountry "ESP"]
[SourceTitle "Ajedrez en Madrid"]
[Source "lmi"]
[SourceDate "2017.01.09"]

1. e4 e5 2. Nf3 Nc6 3. Bc4 Nf6 4. d3 Be7 5. O-O a6 6. a3 d5 7. exd5 Nxd5 8. Re1
Bg4 9. Be3 f5 10. h3 Bh5 11. Bxd5 Qxd5 12. Nc3 Qf7 13. Qc1 Bxf3 14. gxf3 f4 15.
Bd2 Qg6+ 16. Kh2 O-O 17. Rg1 Qh5 18. Rg4 Nd4 19. Qd1 Rf6 20. Kg2 Rh6 21. Qh1
Rd8 22. Ne4 Nf5 23. Rg1 Bh4 24. Kf1 Qf7 25. Bc3 Re8 26. Qg2 g6 27. Ke2 Nd4+ 28.
Kd2 Nf5 29. Re1 b6 30. Kc1 Qa2 31. Ng5 Bxg5 32. Rxg5 Qd5 33. Rxf5 Qd7 34. Rfxe5
Rxe5 35. Rxe5 Rxh3 36. Qg4 Rh1+ 37. Kd2 Qf7 38. Qc8+ Qf8 39. Re8 1-0

[Event "Madrid-ch Veteranos 2016/2017"]
[Site "Madrid ESP"]
[Date "2017.01.10"]
[Round "2.27"]
[White "Rufo Yebra, Benito"]
[Black "Martinez Pintor, Juan"]
[Result "0-1"]
[WhiteElo "1352"]
[BlackElo "1664"]
[PlyCount "158"]
[EventDate "2017.01.09"]
[EventType "swiss"]
[EventRounds "9"]
[EventCountry "ESP"]
[SourceTitle "Ajedrez en Madrid"]
[Source "lmi"]
[SourceDate "2017.01.09"]

1. d4 d5 2. e3 Nf6 3. Bd3 Nbd7 4. Bd2 e5 5. Bc3 e4 6. Bb5 Bd6 7. Nd2 c6 8. Be2
Qe7 9. Nb3 Nf8 10. h3 Ng6 11. Qd2 b6 12. a3 a5 13. g4 h6 14. Nc1 O-O 15. Bf1 a4
16. Na2 c5 17. dxc5 bxc5 18. Ne2 Ne5 19. Bg2 Rb8 20. Nf4 Bb7 21. Nh5 Nxh5 22.
gxh5 Nc4 23. Qc1 Be5 24. Rb1 f5 25. b4 axb3 26. Rxb3 Bc6 27. Qa1 Ba4 28. Rxb8
Rxb8 29. Bxe5 Nxe5 30. Qc1 Bb5 31. Nc3 Bc4 32. Qa1 Nd7 33. Bf1 Ne5 34. Bxc4
dxc4 35. Nd5 Nf3+ 36. Ke2 Qg5 37. Nf4 Qe7 38. Qc3 Rd8 39. Qxc4+ Kh7 40. Nd5 Qg5
41. Rd1 Ne5 42. Qxc5 Qxh5+ 43. Kd2 f4 44. Kc1 Qh4 45. exf4 Nf7 46. Qe3 Qh5 47.
Nf6+ gxf6 48. Rxd8 Nxd8 49. Qxe4+ f5 50. Qd5 Nf7 51. a4 Kg7 52. Qd3 Qg6 53. Qg3
Nd6 54. Qxg6+ Kxg6 55. Kb2 Kf6 56. Kb3 Ke6 57. c4 Kd7 58. Kb4 Kc6 59. a5 Nc8
60. h4 h5 61. f3 Na7 62. Kc3 Kc5 63. a6 Nc6 64. Kb3 Kb6 65. Ka4 Kxa6 66. c5 Nd4
67. Kb4 Nxf3 68. Kc4 Nxh4 69. c6 Kb6 70. Kd5 Kc7 71. Ke6 Kxc6 72. Kf6 Kd5 73.
Kg5 Ke4 74. Kxh5 Ng2 75. Kg5 Nxf4 76. Kh4 Nd3 77. Kg3 Ke3 78. Kg2 Ke2 79. Kg1
f4 0-1

[Event "Madrid-ch Veteranos 2016/2017"]
[Site "Madrid ESP"]
[Date "2017.01.10"]
[Round "2.28"]
[White "Rodriguez Bachiller, Luis"]
[Black "Martin Rodriguez, Jose Luis"]
[Result "1-0"]
[WhiteElo "1657"]
[BlackElo "1327"]
[PlyCount "108"]
[EventDate "2017.01.09"]
[EventType "swiss"]
[EventRounds "9"]
[EventCountry "ESP"]
[SourceTitle "Ajedrez en Madrid"]
[Source "lmi"]
[SourceDate "2017.01.09"]

1. e4 e6 2. d4 d5 3. Nc3 dxe4 4. Nxe4 Nd7 5. Nf3 Ngf6 6. Bg5 h6 7. Bh4 Be7 8.
Bd3 Nxe4 9. Bxe7 Qxe7 10. Bxe4 Nf6 11. Nd2 Qb4 12. Bd3 Qxd4 13. Qc1 Qe5+ 14.
Be2 Bd7 15. Nf3 Qe4 16. Qd2 O-O-O 17. O-O Bb5 18. Bd3 Bxd3 19. cxd3 Rxd3 20.
Qa5 Kb8 21. Rac1 Rc8 22. Rfe1 Qd5 23. Qa4 Qd7 24. Qc2 Rd6 25. Ne5 Qe8 26. Re3
Nd5 27. Rf3 f6 28. Nd3 Rc6 29. Qb3 Rxc1+ 30. Nxc1 Qe7 31. a3 Qd6 32. Rd3 Qc6
33. Ne2 Qb6 34. Qc2 Qa5 35. Qd2 g5 36. b4 Qb6 37. Rh3 Rh8 38. Kf1 Qb5 39. Kg1
e5 40. Ng3 Nf4 41. Rxh6 Qe8 42. Rxf6 Kc8 43. h3 Qd8 44. Qxd8+ Rxd8 45. Ne4 Rd1+
46. Kh2 Rd3 47. Nc5 Rd6 48. Rf8+ Rd8 49. Rxd8+ Kxd8 50. Nxb7+ Kd7 51. Nc5+ Kc6
52. g3 Ng6 53. Ne6 Ne7 54. Nxg5 Kb5 1-0

[Event "Madrid-ch Veteranos 2016/2017"]
[Site "Madrid ESP"]
[Date "2017.01.10"]
[Round "2.29"]
[White "Perales Hernandez, Manuel"]
[Black "Bellagamba, Pascal"]
[Result "0-1"]
[WhiteElo "1306"]
[BlackElo "1656"]
[PlyCount "114"]
[EventDate "2017.01.09"]
[EventType "swiss"]
[EventRounds "9"]
[EventCountry "ESP"]
[SourceTitle "Ajedrez en Madrid"]
[Source "lmi"]
[SourceDate "2017.01.09"]

1. e4 Nf6 2. e5 Nd5 3. Bc4 Nb6 4. Bb3 e6 5. d4 d5 6. Nh3 Be7 7. g4 Bd7 8. Nc3
Nc6 9. g5 Bb4 10. Qd3 a6 11. Be3 Na5 12. a3 Bb5 13. Qd1 Bxc3+ 14. bxc3 Nac4 15.
Qc1 Qd7 16. Nf4 O-O-O 17. Nd3 Qe7 18. a4 Bc6 19. a5 Nd7 20. Nb4 Bb5 21. Bxc4
Bxc4 22. Qb2 h6 23. Rb1 Bb5 24. h4 hxg5 25. Qc1 gxh4 26. Bg5 f6 27. Bxh4 g5 28.
exf6 Qxf6 29. Qe3 Rxh4 30. Kd2 Rdh8 31. Rxh4 Rxh4 32. Rg1 Rf4 33. Rg2 g4 34.
Qg3 Qg5 35. Qe3 Qf5 36. Nd3 Rf3 37. Qe2 Nf6 38. Qe5 Bxd3 39. Qxf5 Bxf5 40. Rh2
Ne4+ 41. Ke1 Nxc3 42. Rh8+ Kd7 43. Rb8 Ne4 44. Rg8 Kc6 45. Rh8 Rxf2 46. c3 g3
47. Rg8 g2 48. Rg7 Rf1+ 49. Ke2 g1=Q 50. Rxg1 Rxg1 51. Kd3 Rg3+ 52. Kc2 Rxc3+
53. Kb2 Kb5 54. Ka2 Kb4 55. Ka1 Ka3 56. Kb1 Nd2+ 57. Ka1 Rc1# 0-1

[Event "Madrid-ch Veteranos 2016/2017"]
[Site "Madrid ESP"]
[Date "2017.01.10"]
[Round "2.30"]
[White "Villodre Miranda, Juan Alonso"]
[Black "Perez Ramos, Miguel Angel"]
[Result "1-0"]
[WhiteElo "1652"]
[BlackElo "1188"]
[PlyCount "74"]
[EventDate "2017.01.09"]
[EventType "swiss"]
[EventRounds "9"]
[EventCountry "ESP"]
[SourceTitle "Ajedrez en Madrid"]
[Source "lmi"]
[SourceDate "2017.01.09"]

1. c4 e5 2. e4 Bc5 3. d3 Nc6 4. g3 Nd4 5. Bg2 c6 6. Nc3 a6 7. a4 Be7 8. h3 c5
9. Nge2 d6 10. Nxd4 cxd4 11. Ne2 Nf6 12. O-O a5 13. f4 b6 14. f5 Bb7 15. g4 Nd7
16. Ng3 Qc7 17. g5 f6 18. Qh5+ Kd8 19. h4 Nf8 20. Qf7 Nd7 21. Qxg7 Re8 22. Qxh7
fxg5 23. hxg5 Nc5 24. f6 Bf8 25. Qxc7+ Kxc7 26. Rf3 Bc8 27. Bf1 Bg4 28. Rf2 Nb3
29. Rb1 d5 30. exd5 Bb4 31. f7 Rf8 32. g6 Be1 33. Rg2 Rxf7 34. gxf7 Rf8 35. Be2
Bxe2 36. Nxe2 Rxf7 37. Bf4 Bb4 1-0

[Event "Madrid-ch Veteranos 2016/2017"]
[Site "Madrid ESP"]
[Date "2017.01.11"]
[Round "3.1"]
[White "Elissalt Cardenas, Hector"]
[Black "Lorenzo Bailador, Alfredo"]
[Result "1-0"]
[WhiteElo "2379"]
[BlackElo "1999"]
[PlyCount "63"]
[EventDate "2017.01.09"]
[EventType "swiss"]
[EventRounds "9"]
[EventCountry "ESP"]
[SourceTitle "Ajedrez en Madrid"]
[Source "lmi"]
[SourceDate "2017.01.09"]

1. d4 d5 2. c4 e6 3. Nc3 Be7 4. Nf3 Nf6 5. cxd5 exd5 6. Bg5 c6 7. Qc2 h6 8.
Bxf6 Bxf6 9. e3 Bg4 10. Be2 Nd7 11. O-O Nb6 12. Nd2 Bxe2 13. Nxe2 Be7 14. Rab1
O-O 15. Nf4 Qd7 16. b4 a6 17. Nd3 Qf5 18. f3 Rfd8 19. e4 Qg6 20. e5 f6 21. Qb3
fxe5 22. Nxe5 Qf5 23. f4 Bf6 24. Rbe1 Kh7 25. g4 Qe6 26. f5 Qg8 27. Qd3 Nc4 28.
Ndf3 Qf8 29. g5 hxg5 30. Nxg5+ Bxg5 31. f6+ Kg8 32. f7+ 1-0

[Event "Madrid-ch Veteranos 2016/2017"]
[Site "Madrid ESP"]
[Date "2017.01.11"]
[Round "3.2"]
[White "Paarup, Torsten"]
[Black "Nunez Munoz, Jesus"]
[Result "0-1"]
[WhiteElo "1979"]
[BlackElo "2186"]
[PlyCount "58"]
[EventDate "2017.01.09"]
[EventType "swiss"]
[EventRounds "9"]
[EventCountry "ESP"]
[SourceTitle "Ajedrez en Madrid"]
[Source "lmi"]
[SourceDate "2017.01.09"]

1. e4 c6 2. Nc3 d5 3. Nf3 Bg4 4. d4 dxe4 5. Nxe4 Bxf3 6. Qxf3 Qxd4 7. Be3 Qxb2
8. Bc4 Qb4+ 9. Nd2 e6 10. O-O Nf6 11. Rab1 Qe7 12. Rfd1 Qc7 13. Bf4 Qc8 14. Qh3
Be7 15. Nf3 Nbd7 16. Ng5 Nc5 17. Be5 b5 18. Be2 Ncd7 19. Ba1 h6 20. Rb3 O-O 21.
Nxe6 fxe6 22. Rg3 Kh8 23. Rg6 Rf7 24. Bd3 Qf8 25. Be4 Rd8 26. Bxc6 Ne5 27. Rxd8
Qxd8 28. Rxh6+ gxh6 29. Qxh6+ Rh7 0-1

[Event "Madrid-ch Veteranos 2016/2017"]
[Site "Madrid ESP"]
[Date "2017.01.11"]
[Round "3.3"]
[White "Martin Martin, Luis Vicente"]
[Black "Lopez De Turiso, Jose Angel"]
[Result "1/2-1/2"]
[WhiteElo "1943"]
[BlackElo "2019"]
[PlyCount "106"]
[EventDate "2017.01.09"]
[EventType "swiss"]
[EventRounds "9"]
[EventCountry "ESP"]
[SourceTitle "Ajedrez en Madrid"]
[Source "lmi"]
[SourceDate "2017.01.09"]

1. d4 a6 2. Bf4 e6 3. e3 c5 4. c3 Nc6 5. Nf3 f5 6. Nbd2 Nf6 7. Bd3 Be7 8. h3
O-O 9. g4 Nd5 10. Bh2 cxd4 11. exd4 b5 12. gxf5 Bh4 13. Nxh4 Qxh4 14. Qg4 Qf6
15. Rg1 exf5 16. Qg5 Qxg5 17. Rxg5 g6 18. O-O-O Bb7 19. Rdg1 Nde7 20. Nb3 Rae8
21. Nc5 Bc8 22. Bf4 Rf6 23. Bc2 d6 24. Bb3+ Kg7 25. Nd3 Na5 26. Bd1 Bb7 27. Re1
Be4 28. Nb4 Nac6 29. Nxc6 Bxc6 30. Rgg1 Nd5 31. Rxe8 Bxe8 32. Bg5 Re6 33. Kd2
h6 34. Bd8 g5 35. Bb3 Bc6 36. f4 Re8 37. Bxd5 Bxd5 38. Bc7 Kg6 39. Bxd6 Re6 40.
Be5 Bxa2 41. fxg5 hxg5 42. Bf4 g4 43. hxg4 fxg4 44. Rxg4+ Kf5 45. Rh4 Re4 46.
Bg3 Rxh4 47. Bxh4 Ke4 48. Kc2 Bc4 49. b3 Bd3+ 50. Kb2 b4 51. c4 Kxd4 52. Bf2+
Ke5 53. Bb6 Kd6 1/2-1/2

[Event "Madrid-ch Veteranos 2016/2017"]
[Site "Madrid ESP"]
[Date "2017.01.11"]
[Round "3.4"]
[White "Cabanas Bravo, Juan Andres"]
[Black "Gonzalez Mateos, Rafael"]
[Result "1/2-1/2"]
[WhiteElo "2008"]
[BlackElo "1955"]
[PlyCount "36"]
[EventDate "2017.01.09"]
[EventType "swiss"]
[EventRounds "9"]
[EventCountry "ESP"]
[SourceTitle "Ajedrez en Madrid"]
[Source "lmi"]
[SourceDate "2017.01.09"]

1. e4 e6 2. d4 d5 3. Nd2 a6 4. Ngf3 c5 5. exd5 exd5 6. dxc5 Bxc5 7. Nb3 Be7 8.
Bd3 Nf6 9. O-O O-O 10. Nbd4 Bg4 11. h3 Bh5 12. Nf5 Bc5 13. Bg5 Nbd7 14. g4 Bg6
15. c3 Re8 16. Qc2 Qc7 17. Bh4 Ne4 18. Ne3 Qf4 1/2-1/2

[Event "Madrid-ch Veteranos 2016/2017"]
[Site "Madrid ESP"]
[Date "2017.01.11"]
[Round "3.5"]
[White "Campos Calvo-Sotelo, Juan"]
[Black "Casares Ripoll, Fernando"]
[Result "0-1"]
[WhiteElo "1896"]
[BlackElo "2124"]
[PlyCount "68"]
[EventDate "2017.01.09"]
[EventType "swiss"]
[EventRounds "9"]
[EventCountry "ESP"]
[SourceTitle "Ajedrez en Madrid"]
[Source "lmi"]
[SourceDate "2017.01.09"]

1. b4 e5 2. a3 d5 3. e3 Nf6 4. c4 c6 5. Bb2 Bd6 6. Nf3 Qe7 7. Nc3 Bg4 8. Qb3 d4
9. Ne2 Bxf3 10. gxf3 c5 11. Ng3 g6 12. b5 Nbd7 13. Bh3 O-O-O 14. a4 Kb8 15. a5
Rhe8 16. O-O h5 17. Bg2 h4 18. Ne4 Nxe4 19. fxe4 g5 20. h3 Nf6 21. a6 b6 22.
exd4 exd4 23. f4 Nxe4 24. Qf3 g4 25. hxg4 h3 26. Qxh3 Nxd2 27. Rae1 Qxe1 28.
Rxe1 Rxe1+ 29. Kf2 Rde8 30. Qh6 R1e6 31. Qg5 Re4 32. Qd5 Rxf4+ 33. Bf3 Rxf3+
34. Kg2 Re2+ 0-1

[Event "Madrid-ch Veteranos 2016/2017"]
[Site "Madrid ESP"]
[Date "2017.01.11"]
[Round "3.6"]
[White "Sanchez Garcia, Aurelio"]
[Black "Marcos Herrero, Francisco"]
[Result "0-1"]
[WhiteElo "2131"]
[BlackElo "1918"]
[PlyCount "100"]
[EventDate "2017.01.09"]
[EventType "swiss"]
[EventRounds "9"]
[EventCountry "ESP"]
[SourceTitle "Ajedrez en Madrid"]
[Source "lmi"]
[SourceDate "2017.01.09"]

1. Nf3 c5 2. c4 Nc6 3. d4 cxd4 4. Nxd4 g6 5. e4 Nf6 6. Nc3 d6 7. Be2 Nxd4 8.
Qxd4 Bg7 9. Bg5 O-O 10. Qd2 Be6 11. Rc1 Qa5 12. f3 Rfc8 13. b3 a6 14. Nd5 Qxd2+
15. Kxd2 Kf8 16. Nb6 Nd7 17. Nxa8 Rxa8 18. Rc2 a5 19. Rb1 f5 20. exf5 gxf5 21.
Bd3 Nc5 22. Re1 Kf7 23. Bf1 Bd4 24. Be3 Bf6 25. Ke2 Bd7 26. Kf2 Rg8 27. Rd1 Bc6
28. Bd4 b6 29. Bxf6 Kxf6 30. Rb2 Ra8 31. a3 a4 32. b4 Nb3 33. Be2 Rg8 34. g3 h5
35. h4 f4 36. gxf4 Kf5 37. Bd3+ Kxf4 38. Be4 Bxe4 39. fxe4 Rg3 40. Rd5 Rc3 41.
Rxh5 Nc1 42. Kg2 Rxa3 43. Rf2+ Kxe4 44. Rg5 Rb3 45. h5 Nd3 46. Rg4+ Ke5 47. Rh4
Nxf2 48. h6 Rh3 49. Rxh3 Nxh3 50. h7 Nf4+ 0-1

[Event "Madrid-ch Veteranos 2016/2017"]
[Site "Madrid ESP"]
[Date "2017.01.11"]
[Round "3.7"]
[White "Pastor Alonso de Prado, Emilio Alberto"]
[Black "Esteban Amo, Jose M"]
[Result "1-0"]
[WhiteElo "2113"]
[BlackElo "1850"]
[PlyCount "41"]
[EventDate "2017.01.09"]
[EventType "swiss"]
[EventRounds "9"]
[EventCountry "ESP"]
[SourceTitle "Ajedrez en Madrid"]
[Source "lmi"]
[SourceDate "2017.01.09"]

1. e4 c5 2. c3 g6 3. d4 cxd4 4. cxd4 d5 5. e5 Bg7 6. Nc3 Nh6 7. Nf3 O-O 8. h3
Nc6 9. Bb5 Qb6 10. O-O e6 11. Bg5 Bd7 12. Bxc6 Bxc6 13. Qd2 Nf5 14. g4 h6 15.
Bf6 Bxf6 16. exf6 Nd6 17. Qxh6 Ne8 18. g5 Qc7 19. Ne5 Qd8 20. Ng4 Qd6 21. Qh4
1-0

[Event "Madrid-ch Veteranos 2016/2017"]
[Site "Madrid ESP"]
[Date "2017.01.11"]
[Round "3.8"]
[White "Rueda Maria, Ramiro"]
[Black "Kejo, Janne"]
[Result "0-1"]
[WhiteElo "1860"]
[BlackElo "2059"]
[PlyCount "62"]
[EventDate "2017.01.09"]
[EventType "swiss"]
[EventRounds "9"]
[EventCountry "ESP"]
[SourceTitle "Ajedrez en Madrid"]
[Source "lmi"]
[SourceDate "2017.01.09"]

1. c4 d6 2. d4 e5 3. dxe5 dxe5 4. Qxd8+ Kxd8 5. Nc3 c6 6. Nf3 f6 7. Bd2 Be6 8.
e4 Nd7 9. Be2 g6 10. O-O-O Bh6 11. h3 Ke7 12. g4 Bxd2+ 13. Rxd2 g5 14. h4 Bxg4
15. hxg5 Bxf3 16. gxf6+ Ngxf6 17. Bxf3 h5 18. Rh4 Nf8 19. Ne2 Ng6 20. Rh2 h4
21. Rd1 Rad8 22. Rg1 Kf7 23. Rhg2 Rd3 24. Bg4 Nxg4 25. Rxg4 h3 26. Rh1 Kf6 27.
Kc2 Rhd8 28. Ng1 Rd2+ 29. Kb3 R8d3+ 30. Kb4 Rxb2+ 31. Kc5 Nf8 0-1

[Event "Madrid-ch Veteranos 2016/2017"]
[Site "Madrid ESP"]
[Date "2017.01.11"]
[Round "3.9"]
[White "Fernandez Garcia, Ignacio"]
[Black "Alvarez Abejon, Amilcar"]
[Result "0-1"]
[WhiteElo "1833"]
[BlackElo "1979"]
[PlyCount "74"]
[EventDate "2017.01.09"]
[EventType "swiss"]
[EventRounds "9"]
[EventCountry "ESP"]
[SourceTitle "Ajedrez en Madrid"]
[Source "lmi"]
[SourceDate "2017.01.09"]

1. e4 c5 2. Nf3 e6 3. Nc3 Nc6 4. Ne2 d5 5. exd5 exd5 6. h3 Nf6 7. d4 Bd6 8. Be3
Qb6 9. dxc5 Bxc5 10. Bxc5 Qxc5 11. Nc3 O-O 12. Be2 Bf5 13. O-O d4 14. Na4 Qxc2
15. Qxc2 Bxc2 16. Nc5 Bg6 17. Rfd1 Rac8 18. Nb3 Bc2 19. Rd2 Bxb3 20. axb3 Rfd8
21. Ra4 Ne4 22. Rd3 Nc5 23. Rd1 Nxa4 24. bxa4 g6 25. b3 Kg7 26. g3 d3 27. Rxd3
Rxd3 28. Bxd3 Kf6 29. Be4 b6 30. g4 h6 31. h4 a5 32. g5+ hxg5 33. hxg5+ Ke6 34.
Bxc6 Rxc6 35. Nd4+ Kd5 36. Nxc6 Kxc6 37. Kf1 Kc5 0-1